000 00736nam a2200241 i 4500
001 16371
003 ES-MaACL
005 20250815125459.0
007 t|
008 000904s2000 sp ||||1| spa d
020 _a84-306-0385-9
080 _a316.42"19"
100 1 _aGiddens, Anthony.
_956672
245 1 3 _aUn mundo desbocado
_b: los efectos de la globalización en nuestras vidas /
_cAnthony Giddens ; traducción de Pedro Cifuentes.
260 _aMadrid :
_bTaurus,
_c[2000]
300 _a117 p. ;
_c22 cm.
490 1 _aPensamiento
650 1 4 _aCambio social-
_yS.XX
_910696
700 1 _aCifuentes, Pedro.
_938806
830 0 _aPensamiento
_9178722
852 _aES-MaACL
_jL-23499
_bR.128945
999 _c16371
_d16371